000 00274nam a2200097Ia 4500
082 _aST 822.33 KING
245 0 _aKing Lear, William Shakespeare
100 _a WARREN, Rebecca Harlow, 2003 Rev. ed
_960760
942 _cBK
008 210817s9999 xx 000 0 und d
999 _c190961
_d190961